00542nam a2200205 a 4500001001300000003000900013005001700022008004100039020002300080082001600103100002300119245002100142260003700163300000900200500003500209505002400244650002000268650002500288700002300313nice12345678IN_TiNIC20260116014858.0050524s2012 gura grp 000 0 eng  a9788190617390c50000a922.97bMAT aMatthews, Roderick aJinnah Vs Gandhi aGurgaon, India bHachette c2012 a330p aincludes index and biblioraphy2 aBibliography, Index aJinnah-Politics aJinnah, Mohammad Ali1 aMatthews, Roderick